Central Library OPAC University of Rajshahi

Civil laws in India & Pakistan / (Record no. 28618)

MARC details
000 -LEADER
fixed length control field 00836nam a2200253 a 4500
001 - CONTROL NUMBER
control field 28618
003 - CONTROL NUMBER IDENTIFIER
rucl marc code BD-RjUL
005 - DATE AND TIME OF LATEST TRANSACTION
control field 20220526104934.0
008 - FIXED-LENGTH DATA ELEMENTS--GENERAL INFORMATION
fixed length control field 140331s1953 ii 000 0 eng
035 ## - SYSTEM CONTROL NUMBER
System control number (BD-RjUL)28699
040 ## - CATALOGING SOURCE
Original cataloging agency DLC
Transcribing agency CarP
Modifying agency DLC
-- BD-RjUL
Language of cataloging eng
041 ## - LANGUAGE CODE
Language code of text/sound track or separate title eng
082 ## - DEWEY DECIMAL CLASSIFICATION NUMBER
Classification number 349.54
Author mark and year CIV 1953
110 1# - MAIN ENTRY--CORPORATE NAME
Corporate name or jurisdiction name as entry element India (Republic)
Form subheading Laws, statutes, etc. [from old catalog]
9 (RLIN) 138504
245 10 - TITLE STATEMENT
Title Civil laws in India & Pakistan /
Statement of responsibility, etc. Edited by P. C. Sarkar .
260 ## - PUBLICATION, DISTRIBUTION, ETC. (IMPRINT)
Place of publication, distribution, etc. Calcutta :
Name of publisher, distributor, etc. S. C. Sarkar
Date of publication, distribution, etc. 1953
300 ## - PHYSICAL DESCRIPTION
Pagination 1256 p. ;
Size 23 cm.
505 ## - FORMATTED CONTENTS NOTE
Formatted contents note Vol. 1 (A-L) -- Vol. 2 (M-Z) ---
650 ## - SUBJECT ADDED ENTRY--TOPICAL TERM
Topical term or geographic name as entry element Civil law
Geographic subdivision India
9 (RLIN) 142601
700 1# - ADDED ENTRY--PERSONAL NAME
Personal name Sarkar, Prabhas Chandra.
710 1# - ADDED ENTRY--CORPORATE NAME
Corporate name or jurisdiction name as entry element Pakistan.
Form subheading Laws, statutes, etc. [from old catalog]
9 (RLIN) 87611
942 ## - ADDED ENTRY ELEMENTS (KOHA)
Source of classification or shelving scheme Dewey Decimal Classification
Koha item type Books
Holdings
Lost status Source of classification or shelving scheme Damaged status Not for loan Collection code Permanent Location Current Location Shelving location Date acquired Source of acquisition Cost, normal purchase price Total Checkouts Full call number Date last seen Copy number Koha item type
  Dewey Decimal Classification     Non-fiction Central Library, University of Rajshahi Central Library, University of Rajshahi   21/02/1955 UBD Rajshahi 32.00   349.54 CIV V-2 1953 31/03/2014 C-3 Books
  Dewey Decimal Classification     Non-fiction Central Library, University of Rajshahi Central Library, University of Rajshahi   02/02/1954 U.B.D. 36.00   349.54 CIV V-1 1952 04/08/2016 C-2 Books
  Dewey Decimal Classification     Non-fiction Central Library, University of Rajshahi Central Library, University of Rajshahi   02/02/1954 U.B.D. 36.00   349.54 CIV V-1 1952 04/08/2016 C-3 Books
  Dewey Decimal Classification   Not For Loan Non-fiction Central Library, University of Rajshahi Central Library, University of Rajshahi Reading Room 01/02/1955 U.B.D. Rajshahi 32.00   349.54 CIV V-2 1953 26/05/2022 C-1 Books